Statistics for Dino Buzzati Bibliography

Click here to take the quiz!

General Stats

  • This quiz has been taken 2 times
  • The average score is 7 of 174

Answer Stats

TypeYearName% Correct
Short Story1985I
100%
Novel1940The Tartar Steppe
100%
Novel1963A Love Affair
50%
Novel1933Bàrnabo of the Mountains
50%
Novel1960Larger than Life
50%
Comic Book1969Poem Strip
50%
Short Story Collection1958Sixty Stories
50%
Children's Book1945The Bears' Famous Invasion of Sicily
50%
Short Story Collection1966The Colombre
50%
Short Story1966The Colombre: Untrue Story
50%
Novel1935The Secret of the Old Woods
50%
Short Story19851
0%
Short Story198516
0%
Short Story198517
0%
Short Story198518
0%
Short Story19852
0%
Short Story19853
0%
Short Story1958A Bullet of Paper
0%
Short Story1966A Difficult Service
0%
Short Story1958A Drop
0%
Short Story1985Alex Roi, Director
0%
Short Story1985Alfredo Brilli, Accountant
0%
Short Story1958A Love Letter
0%
Short Story1985A Magnificent Start
0%
Short Story1966A Murky Love
0%
Short Story1958Appointment with Einstein
0%
Short Story1985A Thoughtful Young Man
0%
Short Story1985At the Motorway Exit
0%
Short Story1966Beast at the Wheel
0%
Short Story1985Because
0%
Poetry Collection1965Captain Pic and Other Poems
0%
Short Story1985Celso Bibbiena, Art Fabrics
0%
Short Story1942Cèvere
0%
Short Story1958Christmas Tale
0%
Short Story1985Collective
0%
Short Story1985Duilio Ronconi, Landowner
0%
Short Story1966Eighteenth Hole
0%
Short Story1958Eye for an Eye
0%
Short Story1942Fake News
0%
Short Story1958Fear at the Scala
0%
Short Story1958Friends
0%
Short Story1985Galileo Tani, Bookseller
0%
Short Story1966General Unknown
0%
Short Story1958Greatness of Man
0%
Short Story1966Humility
0%
Short Story1958Hydrogen
0%
Short Story1958It Was Forbidden
0%
Short Story1966Lago
0%
Short Story1966Life Imprisonment Quiz
0%
Short Story1966Little Circe
0%
Short Story1966Loneliness
0%
Short Story1958March 24, 1958
0%
Short Story1942Military Elegance
0%
Short Story1985Nicoletto Serrantini
0%
Short Story1958Night Battle at the Venice Biennale
0%
Short Story1942Night into Night
0%
Short Story1966Old Hunters
0%
Short Story1942Old Warthog
0%
Short Story1942One Thing That Begins for Elle
0%
Short Story1985Oscar de Jana, Winemaker
0%
Short Story1985Ottavio Sebastiàn, Old Furnace
0%
Short Story1942Pain at Night
0%
Short Story1985Personal Escort
0%
Short Story1966Poor Kid!
0%
Short Story1966Progressions
0%
Short Story1966Reserved for the Director
0%
Short Story1958Rigoletto
0%
Short Story1985Rodrigo Zenon, Executive
0%
Short Story1966Rushing Girl
0%
Short Story1942Seven Floors
0%
Short Story1985Silvio Craveri, Nino Scandurra, Giuliano Toffolo, Students
0%
Short Story1966Slave
0%
Short Story1958Something Happened
0%
Short Story1958Some Useful Information
0%
Short Story1942Southern Shadow
0%
Short Story1985Stefano Caberlot, Writer
0%
Short Story1966Suicide in the Park
0%
Short Story1958Superfluous Invitations
0%
Short Story1966Sweet Night
0%
Short Story1966Tales of the Evening
0%
Short Story1966Teddy Boys
0%
Short Story1958Telephone Strike
0%
Short Story1966The Accelerations
0%
Short Story1966The Altar
0%
Short Story1958The Art Critic
0%
Short Story1942The Assault on the Great Convoy
0%
Short Story1966The Balloon
0%
Short Story1958The Battleship "Tod"
0%
Short Story1958The Bewitched Bourgeois
0%
Short Story1966The Bewitched Jacket
0%
Short Story1966The Bill
0%
Short Story1942The Cloak
0%
Short Story1958The Collapse of the Baliverna
0%
Short Story1966The Collapse of the Saint
0%
Short Story1966The Creation
0%
Short Story1958The Disc Landed
0%
Short Story1958The Dog That Saw God
0%
Short Story1966The Drumming
0%
Short Story1966The Egg
0%
Short Story1966The Eiffel Tower
0%
Short Story1966The Empty Dog
0%
Short Story1958The End of the World
0%
Short Story1958The Envious Musician
0%
Short Story1985The Fishermen
0%
Short Story1985The Fly
0%
Short Story1958The Forbidden World
0%
Short Story1966The Garden
0%
Short Story1985The Giant
0%
Short Story1966The Humps in the Garden
0%
Short Story1958The Inauguration of the Street
0%
Short Story1958The Invincible
0%
Short Story1966The Jar
0%
Short Story1958The King in Horm el-Hagar
0%
Short Story1985The Kit
0%
Short Story1958The Landslide
0%
Short Story1985The Last Battle
0%
Short Story1966The Lesson of 1980
0%
Short Story1966The Lift
0%
Short Story1966The Magician
0%
Short Story1942The Man Who Put on Airs
0%
Short Story1958The Man Who Wanted to Heal
0%
Short Story1942The Memorial
0%
Short Story1966The Mistake Was
0%
Short Story1958The Motor Plague
0%
Short Story1958The Mouses
0%
Short Story1958The News
0%
Short Story1966The Nuisance
0%
Short Story1966The Overtaking
0%
Short Story1958The Personal City
0%
Short Story1985The Philanthropist
0%
Short Story1958The Problem of Parking Spaces
0%
Short Story1958The Race Behind the World
0%
Short Story | Short Story Collection1985The Regiment Leaves at Dawn
0%
Short Story1958The Reziarii
0%
Short Story1985The Room the House
0%
Short Story1942The Sacrilege
0%
Short Story1958The Saints
0%
Short Story1966The Secrets of MM
0%
Short Story1966The Secret Weapon
0%
Short Story | Short Story Collection1942The Seven Messengers
0%
Short Story1966The She-Devils
0%
Short Story1958The Sick Tyrant
0%
Short Story1942The Slaying of the Dragon
0%
Short Story1985The Slow Messengers
0%
Short Story1958The Spell of Nature
0%
Short Story1985The Spirit of the Barn
0%
Short Story1958The Temptations of St. Anthony
0%
Short Story1985The Toad
0%
Short Story1966The Two Drivers
0%
Short Story1985The Two Enemies
0%
Short Story1958The Tyrant Child
0%
Short Story1966The Ubiquitous
0%
Short Story1958The Walls of Anagoor
0%
Short Story1958The War Song
0%
Short Story1966The Wear and Tear
0%
Short Story1966The Wind
0%
Short Story1966The Writer's Secret
0%
Short Story1958They Were Waiting for Nothing Else
0%
Short Story1942Thunderstorm on the River
0%
Short Story1985To All
0%
Short Story1958Two Weights Two Measures
0%
Short Story1958Useless Precautions
0%
Short Story1958Very Direct
0%
Short Story1966Week-End
0%
Short Story1966What If?
0%
Short Story1942When the Shadow Falls
0%
Short Story1985Where Have You Gone?
0%
Short Story1958Winter Night in Philadelphia
0%
Short Story1985[without title]
0%
Short Story1985Wladimiro Ferrais, Chief Customs Inspector
0%
Short Story1942Yet They Knock on the Door
0%

Score Distribution

Percentile by Number Answered

Percent of People with Each Score

Your Score History

You have not taken this quiz